Objective Chemistry for Neet 2021: (Record no. 183006)

MARC details
000 -LEADER
fixed length control field 00689 a2200205 4500
005 - DATE AND TIME OF LATEST TRANSACTION
control field 20211214153726.0
010 ## - LCCN (DPL NO)
LC control number ENG-130305
020 ## - INTERNATIONAL STANDARD BOOK NUMBER
Terms of availability 599.00
International Standard Book Number 978-93-903-9477-7
035 ## - SYSTEM CONTROL NUMBER
System control number EN-113837
037 ## - SOURCE OF ACQUISITION
Source of stock number/acquisition DBAD / PUB
082 ## - DEWEY DECIMAL CLASSIFICATION NUMBER
Classification number 540
100 ## - MAIN ENTRY--PERSONAL NAME
Personal name Singhal, A.K.
245 ## - TITLE STATEMENT
Title Objective Chemistry for Neet 2021:
Statement of responsibility, etc A.K. Singhal
250 ## - EDITION STATEMENT
Edition statement 2021
260 ## - PUBLICATION, DISTRIBUTION, ETC. (IMPRINT)
Name of publisher, distributor, etc Pearson India Education Services Pvt. Ltd
Date of publication, distribution, etc 2021
Place of publication, distribution, etc Uttar Pradesh
270 ## - ADDRESS
Address 15th Floor, Tower-B, World Trade Tower, Plot No. 1, Block-C, Sector-16,
City Noida
Postal code 201301
Electronic mail address companysecretary.india@pearson.com
300 ## - PHYSICAL DESCRIPTION
Extent 13.15p.
Dimensions 25cm (pbk)
700 ## - ADDED ENTRY--PERSONAL NAME
Personal name U.K. Singhal
942 ## - ADDED ENTRY ELEMENTS (KOHA)
Institution code [OBSOLETE] dpl
Item type English Books
Source of classification or shelving scheme Dewey Decimal Classification
Classification part 540
Call number suffix SIN

No items available.


© Delhi Public Library
Hit Counter
free hit counter